[Event "Bremen Silvester op"]
[Site "Bremen"]
[Date "2018.12.29"]
[Round "6"]
[White "Villwock, Martin"]
[Black "Davydov, Mihail"]
[Result "1-0"]
[WhiteElo "2208"]
[BlackElo "1959"]
[PlyCount "85"]
[EventDate "2018.12.27"]
[EventType "swiss"]
[EventRounds "7"]
[EventCountry "GER"]
[SourceTitle "CBM 188 Extra"]
[Source "ChessBase"]
[SourceDate "2019.02.26"]
[SourceVersion "1"]
[SourceVersionDate "2019.02.26"]
[SourceQuality "1"]

1. e4 c6 2. d4 d5 3. e5 Bf5 4. h4 h6 5. g4 Bd7 6. Nc3 e6 7. Be3 Qc7 8. f4 c5 9. Nf3 a6 10. Qd2 cxd4 11. Nxd4 Nc6 12. 0-0-0 Nxd4 13. Bxd4 Ne7 14. Qf2 h5 15. f5 hxg4 16. fxe6 Bxe6 17. Bg2 Qc6 18. Bc5 0-0-0 19. Bd6 b5 20. Qa7 Qb7 21. Qc5+ Kd7 22. Nxd5 Nxd5 23. Bxd5 Bxd5 24. Rxd5 Ke8 25. Rhd1 Bxd6 26. exd6 Rd7 27. Rh5 Rg8 28. Qe5+ Kd8 29. Qxg7 Re8 30. Rc5 Qf3 31. Qd4 Qe3+ 32. Qxe3 Rxe3 33. Rg5 f5 34. Rxf5 Rh7 35. h5 Kd7 36. Rc5 Kd8 37. a4 g3 38. axb5 axb5 39. Rxb5 Ra7 40. Rg5 Ra1+ 41. Kd2 Rxd1+ 42. Kxe3 Rxd6 43. Rxg3 1-0

[Event "Bremen Silvester op"]
[Site "Bremen"]
[Date "2018.12.27"]
[Round "2"]
[White "Steffens, Olaf"]
[Black "Davydov, Mihail"]
[Result "1-0"]
[WhiteElo "2185"]
[BlackElo "1959"]
[PlyCount "93"]
[EventDate "2018.12.27"]
[EventType "swiss"]
[EventRounds "7"]
[EventCountry "GER"]
[SourceTitle "CBM 188 Extra"]
[Source "ChessBase"]
[SourceDate "2019.02.26"]
[SourceVersion "1"]
[SourceVersionDate "2019.02.26"]
[SourceQuality "1"]

1. b4 e5 2. a3 d5 3. Bb2 f6 4. e3 Be6 5. c4 Ne7 6. Nf3 Nd7 7. Qb3 c6 8. Nc3 dxc4 9. Bxc4 Bxc4 10. Qxc4 Nb6 11. Qb3 Ned5 12. Ne4 Nc7 13. 0-0 Qd5 14. Qc2 Be7 15. d4 exd4 16. Nxd4 0-0 17. Rac1 Rfd8 18. Nc5 Bxc5 19. bxc5 Nd7 20. Nf5 Qe6 21. Rfd1 Ne5 22. Nd6 Rab8 23. Rd4 Nf7 24. Rcd1 Nxd6 25. cxd6 Nd5 26. Rh4 h6 27. e4 Nb6 28. f4 Rxd6 29. Rxd6 Qxd6 30. e5 Qd5 31. exf6 Rd8 32. Be5 Qd1+ 33. Qxd1 Rxd1+ 34. Kf2 gxf6 35. Bxf6 Nd5 36. Be5 Rd3 37. Rxh6 Rxa3 38. g4 c5 39. f5 Re3 40. Re6 c4 41. g5 c3 42. g6 Rxe5 43. Rxe5 Nf4 44. Ke3 c2 45. Rc5 Nd5+ 46. Kd2 Nb4 47. f6 1-0

[Event "Wch Seniors 65 28th"]
[Site "Bled"]
[Date "2018.11.26"]
[Round "8"]
[White "Davydov, Mihail"]
[Black "Florjancic, Rudolf"]
[Result "1/2-1/2"]
[WhiteElo "1959"]
[BlackElo "1761"]
[PlyCount "57"]
[EventDate "2018.11.18"]
[EventType "swiss"]
[EventRounds "11"]
[EventCountry "SLO"]
[SourceTitle "CBM 187 Extra"]
[Source "ChessBase"]
[SourceDate "2018.11.04"]
[SourceVersion "1"]
[SourceVersionDate "2018.11.04"]
[SourceQuality "1"]

1. e4 d6 2. d4 g6 3. Nc3 Nf6 4. Be3 c6 5. Qd2 b5 6. f3 Bb7 7. Nge2 Bg7 8. Bh6 Bxh6 9. Qxh6 Qa5 10. Nc1 Nbd7 11. Nb3 Qc7 12. a3 a6 13. Qe3 Qb6 14. Be2 e5 15. Rd1 0-0-0 16. Kf2 exd4 17. Qxd4 Qxd4+ 18. Rxd4 Kc7 19. Rhd1 Nb6 20. Na5 Ba8 21. b4 h5 22. h4 Rhe8 23. Nb3 Bb7 24. Bf1 Bc8 25. g3 Be6 26. Na5 Bc8 27. Nb3 Be6 28. Na5 Bc8 29. Nb3 1/2-1/2

[Event "Wch Seniors 65 28th"]
[Site "Bled"]
[Date "2018.11.25"]
[Round "7"]
[White "Dalling, Peter"]
[Black "Davydov, Mihail"]
[Result "1/2-1/2"]
[WhiteElo "1811"]
[BlackElo "1959"]
[PlyCount "56"]
[EventDate "2018.11.18"]
[EventType "swiss"]
[EventRounds "11"]
[EventCountry "SLO"]
[SourceTitle "CBM 187 Extra"]
[Source "ChessBase"]
[SourceDate "2018.11.04"]
[SourceVersion "1"]
[SourceVersionDate "2018.11.04"]
[SourceQuality "1"]

1. e4 c6 2. d4 d5 3. e5 Bf5 4. Bd3 Bxd3 5. Qxd3 e6 6. Ne2 Ne7 7. 0-0 Nd7 8. Nd2 c5 9. c3 Rc8 10. Nf3 Nf5 11. Nf4 g6 12. Bd2 Be7 13. g3 Qb6 14. Rab1 h5 15. h4 0-0 16. Nh3 Rc6 17. Rfc1 Rfc8 18. Kg2 Kg7 19. Bf4 a6 20. Qd2 Qd8 21. Nhg5 b5 22. dxc5 Nxc5 23. Nd4 Nxd4 24. cxd4 Nd7 25. Rxc6 Rxc6 26. Rc1 Qc7 27. Rxc6 Qxc6 28. Nf3 Qc4 1/2-1/2

[Event "Bled Planinc Memorial 1st"]
[Site "Bled"]
[Date "2018.11.24"]
[Round "2"]
[White "Shirazi, Kamran"]
[Black "Davydov, Mihail"]
[Result "1-0"]
[WhiteElo "2333"]
[BlackElo "1959"]
[PlyCount "57"]
[EventDate "2018.11.24"]
[EventType "swiss (blitz)"]
[EventRounds "9"]
[EventCountry "SLO"]
[SourceTitle "CBM 187 Extra"]
[Source "ChessBase"]
[SourceDate "2018.11.04"]
[SourceVersion "1"]
[SourceVersionDate "2018.11.04"]
[SourceQuality "1"]

1. e4 c6 2. Bc4 d5 3. Bb3 Nf6 4. Nc3 e6 5. d4 dxe4 6. f3 Bb4 7. fxe4 Nxe4 8. Nge2 Qh4+ 9. g3 Qe7 10. 0-0 Nxc3 11. bxc3 Bd6 12. c4 c5 13. c3 Bd7 14. Nf4 Nc6 15. Nh5 Rg8 16. Be3 0-0-0 17. Bc2 f5 18. Rb1 g6 19. Nf4 g5 20. Nd3 Rdf8 21. Nxc5 Bxc5 22. dxc5 e5 23. Bf2 e4 24. Re1 Qf6 25. Rxb7 Kxb7 26. Qxd7+ Ka6 27. Ba4 Rc8 28. Rb1 Rg7 29. Qxc8+ 1-0

[Event "Wch Seniors 65 28th"]
[Site "Bled"]
[Date "2018.11.20"]
[Round "3"]
[White "Acosta, Mariano"]
[Black "Davydov, Mihail"]
[Result "1/2-1/2"]
[WhiteElo "1721"]
[BlackElo "1959"]
[PlyCount "34"]
[EventDate "2018.11.18"]
[EventType "swiss"]
[EventRounds "11"]
[EventCountry "SLO"]
[SourceTitle "CBM 187 Extra"]
[Source "ChessBase"]
[SourceDate "2018.11.04"]
[SourceVersion "1"]
[SourceVersionDate "2018.11.04"]
[SourceQuality "1"]

1. Nf3 d5 2. g3 Nf6 3. Bg2 e6 4. c4 b6 5. b3 Bb7 6. Bb2 Be7 7. 0-0 Nbd7 8. cxd5 exd5 9. d4 0-0 10. Nbd2 Re8 11. Ne5 Bd6 12. Ndf3 Ne4 13. Rc1 f6 14. Nc6 Bxc6 15. Rxc6 Nf8 16. Qc2 Qd7 17. e3 g6 1/2-1/2

[Event "GER-ch Seniors 65"]
[Site "Hamburg"]
[Date "2018.07.27"]
[Round "7"]
[White "Davydov, Mihail"]
[Black "Grimm, Uwe"]
[Result "0-1"]
[WhiteElo "1939"]
[BlackElo "2042"]
[PlyCount "100"]
[EventDate "2018.07.21"]
[EventType "swiss"]
[EventRounds "9"]
[EventCountry "GER"]
[SourceTitle "CBM 186 Extra"]
[Source "ChessBase"]
[SourceDate "2018.08.24"]
[SourceVersion "1"]
[SourceVersionDate "2018.08.24"]
[SourceQuality "1"]

1. c4 Nc6 2. Nc3 e5 3. g3 Nf6 4. Bg2 d6 5. d3 h6 6. Nf3 Be7 7. 0-0 0-0 8. a3 Re8 9. b4 Bf8 10. b5 Nb8 11. a4 Nbd7 12. Qc2 Nc5 13. Nd2 Rb8 14. Nb3 Nxb3 15. Qxb3 Be6 16. Be3 c5 17. bxc6 bxc6 18. Qc2 Qd7 19. Rfb1 d5 20. d4 Bf5 21. Qa2 Bxb1 22. Rxb1 Rxb1+ 23. Qxb1 e4 24. h3 dxc4 25. Nxe4 Nd5 26. Bd2 Qf5 27. e3 Qc8 28. Qc2 Qf5 29. f3 c3 30. g4 Qg6 31. Bc1 Rb8 32. Kh2 Bb4 33. Bf1 f5 34. Ng3 Qd6 35. gxf5 Nf6 36. Kg2 a5 37. Bc4+ Kh8 38. Ne4 Qe7 39. Nxf6 Qxf6 40. Qe4 Rf8 41. Be6 g6 42. Qxc6 gxf5 43. d5 Qg6+ 44. Kf2 f4 45. exf4 Qc2+ 46. Kg3 Qxc1 47. Qc7 Qg1+ 48. Kh4 Qg6 49. Qe5+ Qf6+ 50. Kg4 c2 0-1

[Event "GER-chA Seniors 29th"]
[Site "Berlin"]
[Date "2017.08.08"]
[Round "1"]
[White "Davydov, Mihail"]
[Black "Grottke, Hans Joachim"]
[Result "1/2-1/2"]
[WhiteElo "1979"]
[BlackElo "2196"]
[PlyCount "38"]
[EventDate "2017.08.07"]
[EventType "swiss"]
[EventRounds "9"]
[EventCountry "GER"]
[SourceTitle "EXT 2019"]
[Source "ChessBase"]
[SourceDate "2018.10.10"]
[SourceVersion "1"]
[SourceVersionDate "2018.10.10"]
[SourceQuality "1"]

1. e4 e6 2. d4 d5 3. e5 c5 4. c3 Nc6 5. Nf3 Qb6 6. a3 c4 7. g3 Bd7 8. Bg2 Nge7 9. 0-0 Na5 10. Nbd2 Nc8 11. Ne1 Qc7 12. f4 g6 13. h3 Nb6 14. Kh2 0-0-0 15. Nef3 Kb8 16. Qe2 Ba4 17. g4 h5 18. Kg3 Be7 19. Ng5 Rdf8 1/2-1/2

[Event "Niedersachsen-ch op-C"]
[Site "Verden"]
[Date "2017.01.07"]
[Round "5"]
[White "Davydov, Mihail"]
[Black "Lau, Theodor"]
[Result "1/2-1/2"]
[WhiteElo "1986"]
[BlackElo "1683"]
[PlyCount "78"]
[EventDate "2017.01.05"]
[EventType "swiss"]
[EventRounds "7"]
[EventCountry "GER"]
[SourceTitle "CBM 187 Extra"]
[Source "ChessBase"]
[SourceDate "2018.11.04"]
[SourceVersion "1"]
[SourceVersionDate "2018.11.04"]
[SourceQuality "1"]

1. e4 c5 2. Nf3 Nc6 3. Bb5 g6 4. 0-0 Bg7 5. c3 Nf6 6. Re1 0-0 7. d4 cxd4 8. cxd4 Qb6 9. Nc3 a6 10. Bf1 d6 11. h3 Qc7 12. Be3 b5 13. Rc1 Qd7 14. a3 Bb7 15. b4 Rac8 16. Qd2 Nd8 17. Bh6 d5 18. e5 Ne8 19. g3 e6 20. Nh2 Kh8 21. Ng4 Rg8 22. Ne2 Rxc1 23. Nxc1 f5 24. exf6 Nxf6 25. Ne5 Bxh6 26. Qxh6 Qg7 27. Qe3 Nc6 28. Ncd3 Ne4 29. Kg2 Nxe5 30. Nxe5 Rc8 31. Rc1 Nd6 32. Rxc8+ Bxc8 33. f4 Nc4 34. Qc3 Kg8 35. h4 Qh6 36. Kf2 Qh5 37. Be2 Qf5 38. Bd3 Qh3 39. Bf1 Qf5 1/2-1/2

[Event "Wch Seniors 65 26th"]
[Site "Marianske Lazne"]
[Date "2016.11.24"]
[Round "6"]
[White "Joukl, Zdenek"]
[Black "Davydov, Mihail"]
[Result "1-0"]
[WhiteElo "2108"]
[BlackElo "1986"]
[PlyCount "98"]
[EventDate "2016.11.19"]
[EventType "swiss"]
[EventRounds "11"]
[EventCountry "CZE"]
[SourceTitle "CBM 175 Extra"]
[Source "ChessBase"]
[SourceDate "2016.12.12"]
[SourceVersion "1"]
[SourceVersionDate "2016.12.12"]
[SourceQuality "1"]

1. c4 e5 2. Nc3 Bb4 3. Nd5 Be7 4. e4 c6 5. Nc3 d6 6. g3 f5 7. d3 Nf6 8. Bg2 0-0 9. Nge2 Na6 10. 0-0 Nc7 11. f4 fxe4 12. dxe4 Be6 13. b3 Qd7 14. f5 Bf7 15. Ba3 Rfd8 16. Qc1 d5 17. Rd1 d4 18. Rd3 b6 19. Nd1 a5 20. Nf2 b5 21. Bxe7 Qxe7 22. cxb5 cxb5 23. g4 Rac8 24. g5 Nh5 25. Qd2 b4 26. Rh3 Nb5 27. Bf3 Nf4 28. Rg3 Nxe2+ 29. Bxe2 Nc3 30. Bd3 Rc6 31. Kh1 Kh8 32. Rag1 g6 33. f6 Qe6 34. Ng4 a4 35. Rh3 axb3 36. axb3 Ra8 37. Qe1 Ra7 38. Rh6 Rcc7 39. Qg3 Ra5 40. Rf1 Qxb3 41. Nxe5 Rca7 42. Nxf7+ Qxf7 43. Qb8+ Qg8 44. Qxg8+ Kxg8 45. Bc4+ Kf8 46. f7 Rxg5 47. Rxh7 Rh5 48. Rg7 Kxg7 49. f8Q+ Kh7 1-0

[Event "Wch Seniors 65 26th"]
[Site "Marianske Lazne"]
[Date "2016.11.22"]
[Round "4"]
[White "Kjolberg, Lars"]
[Black "Davydov, Mihail"]
[Result "1-0"]
[WhiteElo "2140"]
[BlackElo "1986"]
[PlyCount "123"]
[EventDate "2016.11.19"]
[EventType "swiss"]
[EventRounds "11"]
[EventCountry "CZE"]
[SourceTitle "CBM 175 Extra"]
[Source "ChessBase"]
[SourceDate "2016.12.12"]
[SourceVersion "1"]
[SourceVersionDate "2016.12.12"]
[SourceQuality "1"]

1. d4 d5 2. Nf3 Nf6 3. c4 e6 4. g3 c6 5. Qc2 Nbd7 6. Bg2 Bd6 7. 0-0 0-0 8. Nbd2 e5 9. cxd5 Nxd5 10. Nc4 Qe7 11. Nxd6 Qxd6 12. Rd1 exd4 13. Rxd4 Qc5 14. Rc4 Qe7 15. Bg5 f6 16. Bd2 Ne5 17. Nxe5 fxe5 18. Rh4 Bf5 19. e4 Bg6 20. Qc4 Qf7 21. f4 Nb6 22. Qxf7+ Bxf7 23. fxe5 Rfe8 24. Bc3 Rad8 25. b3 Rd3 26. Rc1 Nd7 27. Bf1 Rxc3 28. Rxc3 Nxe5 29. Rf4 Ng6 30. Rf2 Rxe4 31. Re2 Rxe2 32. Bxe2 Kf8 33. Bc4 Be8 34. Re3 Bd7 35. Rf3+ Ke8 36. Bf7+ Ke7 37. Bxg6 hxg6 38. Kf2 g5 39. Ke3 g4 40. Rf4 g6 41. Kd4 b6 42. b4 Bf5 43. Ke5 Kd7 44. Rd4+ Kc7 45. a3 a6 46. Rd1 Bc2 47. Rd6 b5 48. Rd2 Bf5 49. Kd4 Kb6 50. Re2 Bb1 51. Re6 Bf5 52. Rf6 Bb1 53. Ke5 Bd3 54. Kd6 Be4 55. Re6 Bf5 56. Re8 Kb7 57. Kc5 Kc7 58. Re7+ Kd8 59. Kd6 a5 60. Ra7 axb4 61. Ra8+ Bc8 62. axb4 1-0

[Event "GER-chB Seniors 28th"]
[Site "Niederhausen"]
[Date "2016.08.21"]
[Round "9"]
[White "Zotin, Vladimir"]
[Black "Davydov, Mihail"]
[Result "1/2-1/2"]
[WhiteElo "1884"]
[BlackElo "1976"]
[PlyCount "24"]
[EventDate "2016.08.13"]
[EventType "swiss"]
[EventRounds "9"]
[EventCountry "GER"]
[SourceTitle "EXT 2019"]
[Source "ChessBase"]
[SourceDate "2018.10.10"]
[SourceVersion "1"]
[SourceVersionDate "2018.10.10"]
[SourceQuality "1"]

1. e4 e5 2. Nf3 Nf6 3. Nxe5 d6 4. Nf3 Nxe4 5. Qe2 Qe7 6. d3 Nf6 7. Qxe7+ Bxe7 8. Nc3 Bg4 9. Be2 Nc6 10. Be3 h6 11. Nd4 Nxd4 12. Bxd4 Bxe2 1/2-1/2

[Event "GER-chB Seniors 28th"]
[Site "Niederhausen"]
[Date "2016.08.20"]
[Round "8"]
[White "Davydov, Mihail"]
[Black "Cichon, Joerg"]
[Result "1-0"]
[WhiteElo "1976"]
[BlackElo "1810"]
[PlyCount "59"]
[EventDate "2016.08.13"]
[EventType "swiss"]
[EventRounds "9"]
[EventCountry "GER"]
[SourceTitle "EXT 2019"]
[Source "ChessBase"]
[SourceDate "2018.10.10"]
[SourceVersion "1"]
[SourceVersionDate "2018.10.10"]
[SourceQuality "1"]

1. e4 c5 2. Nf3 Nc6 3. Bb5 g6 4. 0-0 Bg7 5. c3 a6 6. Bxc6 dxc6 7. d4 cxd4 8. cxd4 Bg4 9. Be3 e6 10. Nc3 Bxf3 11. Qxf3 Nf6 12. Rac1 0-0 13. Rfd1 Qe7 14. Bg5 h6 15. Bh4 g5 16. Bg3 Nd7 17. Qe2 Rac8 18. f3 Rfd8 19. Bf2 c5 20. d5 Qd6 21. dxe6 Qxe6 22. h4 Bf6 23. hxg5 Bxg5 24. Be3 Bxe3+ 25. Qxe3 b6 26. f4 f5 27. Qg3+ Kh7 28. exf5 Qxf5 29. Rd5 Qe6 30. Re1 1-0

[Event "Hessen-ch Seniors op 12th"]
[Site "Bad Sooden-Allendorf"]
[Date "2016.05.04"]
[Round "5"]
[White "Davydov, Mihail"]
[Black "Schruefer, Johann"]
[Result "1-0"]
[WhiteElo "1948"]
[BlackElo "1521"]
[PlyCount "65"]
[EventDate "2016.04.30"]
[EventType "swiss"]
[EventRounds "9"]
[EventCountry "GER"]
[SourceTitle "EXT 2019"]
[Source "ChessBase"]
[SourceDate "2018.10.10"]
[SourceVersion "1"]
[SourceVersionDate "2018.10.10"]
[SourceQuality "1"]

1. c4 e5 2. Nc3 Nf6 3. g3 d5 4. cxd5 Nxd5 5. Bg2 c6 6. Nf3 Nd7 7. 0-0 Be7 8. e4 Nc7 9. d4 exd4 10. Nxd4 g6 11. Qe2 0-0 12. Rd1 Bf6 13. Bh6 Re8 14. f4 Ne6 15. Nxe6 Rxe6 16. e5 Qb6+ 17. Qf2 Qxf2+ 18. Kxf2 Bg7 19. Bxg7 Kxg7 20. Ne4 Re8 21. Nd6 Rf8 22. Nxc8 Raxc8 23. Rxd7 Rb8 24. Rad1 Rfe8 25. Bf1 Kf8 26. Bc4 Re7 27. a4 Ke8 28. Rxe7+ Kxe7 29. Ke3 b6 30. g4 Rb7 31. f5 c5 32. f6+ Ke8 33. Bb5+ 1-0

[Event "Hessen-ch Seniors op 12th"]
[Site "Bad Sooden-Allendorf"]
[Date "2016.05.02"]
[Round "3"]
[White "Davydov, Mihail"]
[Black "Van Geffen, Ben"]
[Result "1/2-1/2"]
[WhiteElo "1948"]
[BlackElo "2104"]
[PlyCount "22"]
[EventDate "2016.04.30"]
[EventType "swiss"]
[EventRounds "9"]
[EventCountry "GER"]
[SourceTitle "EXT 2019"]
[Source "ChessBase"]
[SourceDate "2018.10.10"]
[SourceVersion "1"]
[SourceVersionDate "2018.10.10"]
[SourceQuality "1"]

1. e4 e5 2. Nf3 Nc6 3. d4 exd4 4. Nxd4 Bc5 5. Nb3 Bb6 6. Nc3 Qf6 7. Qe2 Nge7 8. Be3 Nd4 9. Qd2 Nxb3 10. axb3 0-0 11. Bxb6 Qxb6 1/2-1/2

[Event "Wch Seniors 65 25th"]
[Site "Acqui Terme"]
[Date "2015.11.10"]
[Round "1"]
[White "Davydov, Mihail"]
[Black "Balashov, Yuri S"]
[Result "0-1"]
[WhiteElo "2001"]
[BlackElo "2418"]
[PlyCount "58"]
[EventDate "2015.11.10"]
[EventType "swiss"]
[EventRounds "11"]
[EventCountry "ITA"]
[SourceTitle "CBM 169 Extra"]
[Source "ChessBase"]
[SourceDate "2015.12.18"]
[SourceVersion "1"]
[SourceVersionDate "2015.12.18"]
[SourceQuality "1"]

1. e4 c5 2. Nf3 Nc6 3. Bb5 g6 4. 0-0 Bg7 5. Re1 Nf6 6. c3 0-0 7. d4 d5 8. e5 Ne4 9. Be3 cxd4 10. cxd4 Qb6 11. Na3 a6 12. Bxc6 bxc6 13. Qc1 f6 14. Re2 Bg4 15. Rc2 Rac8 16. Nd2 Bf5 17. Nb3 fxe5 18. dxe5 Qc7 19. f4 Qd7 20. Qf1 g5 21. g3 Bg6 22. Qg2 c5 23. Nxc5 Nxc5 24. Rxc5 Rxc5 25. Bxc5 Be4 26. Qd2 gxf4 27. Re1 Qe6 28. Nc2 fxg3 29. Nd4 gxh2+ 0-1

[Event "Wch Seniors 65 24th"]
[Site "Katerini"]
[Date "2014.11.01"]
[Round "8"]
[White "Davydov, Mihail"]
[Black "Kayaman, Metin"]
[Result "1/2-1/2"]
[WhiteElo "2076"]
[BlackElo "1878"]
[PlyCount "38"]
[EventDate "2014.10.24"]
[EventType "swiss"]
[EventRounds "11"]
[EventCountry "GRE"]
[SourceTitle "EXT 2015"]
[Source "ChessBase"]
[SourceDate "2014.11.20"]
[SourceVersion "1"]
[SourceVersionDate "2014.11.20"]
[SourceQuality "1"]

1. e4 c5 2. Nf3 Nc6 3. Bb5 Nf6 4. e5 Nd5 5. Nc3 Nc7 6. Bxc6 dxc6 7. h3 g6 8. 0-0 Bg7 9. d3 0-0 10. Be3 b6 11. Qd2 Nd5 12. Bh6 Qc7 13. Rfe1 Rd8 14. Bxg7 Kxg7 15. Nxd5 Rxd5 16. Qf4 h6 17. Re3 Be6 18. b3 Rad8 19. Rae1 b5 1/2-1/2

[Event "Wch Seniors 65 24th"]
[Site "Katerini"]
[Date "2014.10.31"]
[Round "7"]
[White "Korenevski, Oleg"]
[Black "Davydov, Mihail"]
[Result "1/2-1/2"]
[WhiteElo "1915"]
[BlackElo "2076"]
[PlyCount "50"]
[EventDate "2014.10.24"]
[EventType "swiss"]
[EventRounds "11"]
[EventCountry "GRE"]
[SourceTitle "EXT 2015"]
[Source "ChessBase"]
[SourceDate "2014.11.20"]
[SourceVersion "1"]
[SourceVersionDate "2014.11.20"]
[SourceQuality "1"]

1. e4 e5 2. Nf3 Nf6 3. Nxe5 d6 4. Nf3 Nxe4 5. Qe2 Qe7 6. d3 Nf6 7. Nc3 Bg4 8. Qxe7+ Bxe7 9. Be2 Nbd7 10. 0-0 0-0 11. h3 Bxf3 12. Bxf3 c6 13. Bf4 Rfe8 14. Rfe1 d5 15. d4 Bb4 16. Bd2 Kf8 17. a3 Bd6 18. Rxe8+ Rxe8 19. Re1 Rxe1+ 20. Bxe1 Ke7 21. a4 Nf8 22. Ne2 Ne6 23. g3 Ne4 24. Bg2 f5 25. f3 Nf6 1/2-1/2

[Event "Wch Seniors 65 24th"]
[Site "Katerini"]
[Date "2014.10.28"]
[Round "5"]
[White "Yakovlev, Yuri S"]
[Black "Davydov, Mihail"]
[Result "1/2-1/2"]
[WhiteElo "1992"]
[BlackElo "2076"]
[PlyCount "39"]
[EventDate "2014.10.24"]
[EventType "swiss"]
[EventRounds "11"]
[EventCountry "GRE"]
[SourceTitle "EXT 2015"]
[Source "ChessBase"]
[SourceDate "2014.11.20"]
[SourceVersion "1"]
[SourceVersionDate "2014.11.20"]
[SourceQuality "1"]

1. e4 c6 2. d4 d5 3. e5 Bf5 4. g4 Bd7 5. Be3 Qb6 6. Nd2 Na6 7. Nb3 e6 8. Nf3 h5 9. g5 Ne7 10. Nh4 g6 11. Bd3 Nf5 12. Ng2 Be7 13. h4 Nc7 14. Nf4 a5 15. a4 Qa7 16. Be2 Ng7 17. Bd2 b6 18. Bd3 Nf5 19. Be2 Ng7 20. Bd3 1/2-1/2

[Event "Wch Seniors 65 24th"]
[Site "Katerini"]
[Date "2014.10.24"]
[Round "1"]
[White "Zamahari, Abang Draup"]
[Black "Davydov, Mihail"]
[Result "1/2-1/2"]
[WhiteElo "1603"]
[BlackElo "2076"]
[PlyCount "54"]
[EventDate "2014.10.24"]
[EventType "swiss"]
[EventRounds "11"]
[EventCountry "GRE"]
[SourceTitle "EXT 2015"]
[Source "ChessBase"]
[SourceDate "2014.11.20"]
[SourceVersion "1"]
[SourceVersionDate "2014.11.20"]
[SourceQuality "1"]

1. d4 d5 2. e3 Nf6 3. c4 c6 4. Nc3 e6 5. Nf3 Be7 6. cxd5 exd5 7. Bd3 Bg4 8. h3 Bh5 9. Be2 Nbd7 10. 0-0 Qc7 11. Nh2 Bg6 12. f4 Be4 13. Bf3 0-0 14. Bxe4 Nxe4 15. Nxe4 dxe4 16. f5 Bd6 17. Ng4 Rfe8 18. Kh1 Nb6 19. f6 g6 20. Nh6+ Kh8 21. Qg4 Nd5 22. Bd2 Re6 23. Qg5 Rf8 24. h4 Qd8 25. Ng4 Rg8 26. Rf2 Bc7 27. Raf1 Qd6 1/2-1/2

[Event "GER-chT Seniors 23rd"]
[Site "Bergen"]
[Date "2014.09.05"]
[Round "6.4"]
[White "Haase, Wolfgang"]
[Black "Davydov, Mihail"]
[Result "0-1"]
[WhiteElo "2124"]
[BlackElo "2061"]
[PlyCount "178"]
[EventDate "2014.09.01"]
[EventType "team-swiss"]
[EventRounds "7"]
[EventCountry "GER"]
[SourceTitle "EXT 2018"]
[Source "ChessBase"]
[SourceDate "2017.10.13"]
[SourceVersion "1"]
[SourceVersionDate "2017.10.13"]
[SourceQuality "1"]

1. e4 d5 2. exd5 Qxd5 3. d4 Bf5 4. Nc3 Qa5 5. Bd3 Bxd3 6. Qxd3 Nf6 7. Nf3 e6 8. Bd2 Bb4 9. Qb5+ Qxb5 10. Nxb5 Bxd2+ 11. Kxd2 Na6 12. Rhd1 Ke7 13. c4 c6 14. Nc3 Rad8 15. Ke2 Nc7 16. Ne5 h5 17. h4 Rhg8 18. f4 Nfe8 19. Ne4 f6 20. Nf3 Nd6 21. Nxd6 Rxd6 22. Rd3 Rd7 23. Rad1 a5 24. b3 b6 25. a3 Ra8 26. Nd2 Na6 27. Ne4 Rad8 28. Nc3 Nc7 29. Na4 Rb8 30. Kf3 Na6 31. Nc3 Nc7 32. Ne4 Na6 33. Ng3 g6 34. Ke3 b5 35. Rc1 b4 36. a4 Rbd8 37. Rcd1 Nc7 38. Ne4 Na6 39. Ke2 Kf7 40. c5 Nc7 41. Nd6+ Ke7 42. Nc4 Nd5 43. Kf3 Ra7 44. Re1 Kf7 45. Nd6+ Rxd6 46. cxd6 Rd7 47. Rc1 Rxd6 48. Rc5 Ne7 49. Rxa5 Nf5 50. Ra7+ Kf8 51. Ke4 Nxh4 52. g3 Nf5 53. Rb7 Rd5 54. Rxb4 Nd6+ 55. Ke3 Ke7 56. Rc3 Kd7 57. Kf3 Nf5 58. Ke4 Kc7 59. Rc5 Rd8 60. a5 Nxg3+ 61. Kf3 Nf5 62. Rcc4 Nd6 63. Rc1 Ra8 64. Rb6 Nf5 65. Rbxc6+ Kd7 66. Rc7+ Kd6 67. Ke4 Ng3+ 68. Kd3 Rxa5 69. R1c6+ Kd5 70. Rc5+ Rxc5 71. dxc5 h4 72. b4 h3 73. Rd7+ Kc6 74. Rd6+ Kc7 75. Rxe6 h2 76. Re1 h1Q 77. Rxh1 Nxh1 78. b5 Ng3 79. Ke3 Nf5+ 80. Ke4 Ne7 81. Kd4 Kd7 82. Ke4 Ke6 83. Kd4 Nc8 84. f5+ gxf5 85. b6 Ne7 86. Kc4 Nc6 87. Kb5 Kd7 88. Kc4 Ke6 89. b7 Na5+ 0-1

[Event "GER-chT Seniors 23rd"]
[Site "Bergen"]
[Date "2014.09.04"]
[Round "5.4"]
[White "Davydov, Mihail"]
[Black "Franke, Roland"]
[Result "1/2-1/2"]
[WhiteElo "2061"]
[BlackElo "2054"]
[PlyCount "20"]
[EventDate "2014.09.01"]
[EventType "team-swiss"]
[EventRounds "7"]
[EventCountry "GER"]
[SourceTitle "EXT 2018"]
[Source "ChessBase"]
[SourceDate "2017.10.13"]
[SourceVersion "1"]
[SourceVersionDate "2017.10.13"]
[SourceQuality "1"]

1. e4 g6 2. d4 Bg7 3. Nc3 d6 4. Be3 Nf6 5. Qd2 h6 6. f3 c6 7. 0-0-0 b5 8. Kb1 Qc7 9. Nge2 Nbd7 10. Nc1 Nb6 1/2-1/2